|
|
|
|
| LEADER |
00000cam a2200000 4500 |
| 001 |
vtls012083184 |
| 003 |
SK-MaSNL |
| 005 |
20260301180811.0 |
| 008 |
220113s2020 xo frn 000 0 slo |
| 015 |
|
|
|a SNBA2022/07
|
| 020 |
|
|
|a 9788055717418
|q (viazané)
|
| 040 |
|
|
|a SNK
|b slo
|c SNK
|e rda
|
| 041 |
0 |
|
|a slo
|
| 044 |
|
|
|a xo
|c SK
|
| 072 |
|
7 |
|a 821.162.4.09
|x Slovenská literatúra (o nej)
|2 konspekt
|
| 072 |
|
7 |
|a 81
|x Lingvistika. Jazyky
|2 konspekt
|
| 080 |
|
|
|a 821.162.4
|2 2011
|
| 080 |
|
|
|a 81'373.2
|2 2011
|
| 080 |
|
|
|a 82.0
|2 2011
|
| 080 |
|
|
|a (048.8)
|2 2011
|
| 100 |
1 |
|
|a Odaloš, Pavol,
|d 1960-
|4 aut
|9 86372
|
| 245 |
1 |
0 |
|a Literáronymá v slovenskej literatúra
|c Pavol Odaloš
|
| 250 |
|
|
|a 2. doplnené a rozšírené vydanie
|
| 264 |
|
1 |
|a Banská Bystrica
|b Belianum
|c 2020
|
| 300 |
|
|
|a 219 strán
|c 26 cm
|
| 336 |
|
|
|a text
|b txt
|2 rdacontent
|
| 337 |
|
|
|a bez média
|b n
|2 rdamedia
|
| 338 |
|
|
|a zväzok
|b nc
|2 rdacarrier
|
| 366 |
|
|
|e 200 kusov
|
| 504 |
|
|
|a Bibliografia na strane 208-217
|
| 650 |
0 |
7 |
|a slovenská literatúra
|2 SNKPH
|9 1115
|
| 650 |
0 |
7 |
|a onomastika
|2 SNKPH
|9 23494
|
| 650 |
0 |
7 |
|a vlastné mená
|2 SNKPH
|9 3647
|
| 650 |
0 |
7 |
|a literáronymá
|2 SNKPH
|9 552524
|
| 650 |
0 |
7 |
|a literárna veda
|2 SNKPH
|9 1137
|
| 650 |
0 |
7 |
|a Slovak literature
|2 SNKPHeng
|9 265073
|
| 650 |
0 |
7 |
|a Onomastics
|2 SNKPHeng
|9 326720
|
| 650 |
0 |
7 |
|a Proper names
|2 SNKPHeng
|9 328780
|
| 650 |
0 |
7 |
|a Study of literature
|2 SNKPHeng
|9 266360
|
| 655 |
|
7 |
|a porovnávacie štúdie
|2 SNKPH
|9 70557
|
| 655 |
|
7 |
|a monografie
|2 SNKPH
|9 70139
|
| 655 |
|
7 |
|a Comparative studies
|2 SNKPHeng
|9 304951
|
| 655 |
|
7 |
|a Monographs
|2 SNKPHeng
|9 120675
|
| 710 |
2 |
|
|a Univerzita Mateja Bela v Banskej Bystrici.
|b Filozofická fakulta
|4 pbl
|9 133058
|
| 710 |
2 |
|
|a Univerzita Mateja Bela v Banskej Bystrici.
|b Vydavateľstvo Belianum
|4 pbl
|9 209059
|
| 919 |
|
|
|a 978-80-557-1741-8
|
| 954 |
|
|
|a odborná, vedecká literatúra pôvodná (slovenská)
|2 lita
|
| 958 |
|
|
|a NB
|
| 958 |
|
|
|a LX
|
| 999 |
|
|
|c 847659
|d 849589
|
| 952 |
|
|
|a SNK
|b SNK
|y PREZ
|7 0
|p 17A1482792
|o snkSB 97997
|i snk2022/7195
|8 0
|0 0
|1 0
|4 0
|d 2022-05-09
|f 1
|l 0
|r 2025-05-16 00:00:00
|w 2026-02-24
|
| 952 |
|
|
|a SNK
|b SNK
|y VYP
|7 0
|p 17A1482793
|o snkSB 97997 D1
|i snk2022/7196
|8 0
|0 0
|1 0
|4 0
|d 2022-05-09
|l 0
|r 2026-02-24 04:31:56
|w 2026-02-24
|